• 首页
  • 本馆介绍
  • 公告通知
  • 最新文献
  • 馆藏检索
  • 电子资源
  • 读者导购
  • 参考咨询
  • 我的图书馆
  • 登录
  • 详细信息显示
  • 放入我的书架
  • 预约/预借图书
  • 作者相关作品
  • 分类相关作品
  • 丛书相关作品
  • 出版社相关作品

书目信息

  • 表格格式
  • 工作单格式
  • 卡片格式
题名:
张爱玲作品集
    
 
作者: 张爱玲 著
分册:  
出版信息: 海口   南海出版公司  2003.03
页数: 540页
开本: 20cm
丛书名:
单 册:
中图分类: I247.5
科图分类:
主题词: 小说--中国
电子资源:
ISBN: 7-5442-1764-7
000 00558nam0 2200193 450
001 2635972072
005 20260414101405.50
010    @a7-5442-1764-7@dCNY26.80
100    @a20260414d2003 km y0chiy0120 ea
101 0  @achi
102    @aCN
200 1  @a张爱玲作品集@AZhang Ai Ling Zuo Pin Ji@f张爱玲著@FZhang Ai Ling Zhu
210    @a海口@c南海出版公司@d2003.03
215    @a540页@d20cm
606 0  @a小说@x中国
690    @aI247.5@v4
701  0 @a张爱玲@AZhang Ai Ling@4著
801  0 @aCN@b大连网信软件有限公司图书馆·11@c20260414
905    @aZUCC@dI247.5@e8377
    
    张爱玲作品集/张爱玲著.-海口:南海出版公司,2003.03
    540页;20cm
    
    
    ISBN 7-5442-1764-7:CNY26.80
    
●
相关链接 在E读中查询图书 在五车中查询图书 在当当中查询图书 在豆瓣中查询图书


正题名:张爱玲作品集     索取号:I247.5/8377         预约/预借

序号 登录号 条形码 馆藏地/架位号 状态 备注
1 1442621   214426218   第一样本阅览室/ [索取号:I247.5/8377] 在馆    
唐山师范学院图书馆 欢迎您!
大连网信软件有限公司© 版权所有